| 000 | 00560nam a22001937i 4500 | ||
|---|---|---|---|
| 999 |
_c23581 _d23581 |
||
| 003 | AR-CdUCM | ||
| 008 | 260401b20222022pe a|||| |||| 00| 0 spa d | ||
| 020 | _a978-612-5029-27-0 | ||
| 040 |
_aMUNICIPALIDAD PROVINCIAL DEL CUSCO _cBIBLIOTECA MUNICIPAL DEL CUSCO |
||
| 041 | _hspa | ||
| 082 |
_aPI / 863 _bJ43 |
||
| 100 |
_aJeri Pabon, Helmut _952484 |
||
| 245 | _aCiudad gato / | ||
| 260 |
_aPerú : _bRio Hablador S.A.C. _c2022 |
||
| 300 |
_a26 páginas. : _c23x23 cm. |
||
| 856 | _fwww.editorialambar.pe | ||
| 942 |
_2ddc _cLIBROS |
||
| 945 |
_aesh _d01-04-2026 |
||